000 00479nam a2200169 i 4500
001 133984
003 ES-MaACL
005 20230906194555.0
007 t|
008 070904s1978 ch ||||1| eng d
100 1 _aWang Hsuan.
_9116050
245 1 0 _aAbout Teng Hsiao-Ping /
_cby Wang Hsuan.
260 _a[S.l.] :
_bWorld Anti-Communist League,
_c1978.
300 _a101 p. ;
_c19 cm.
710 2 _aWorld Anti-Communist League.
_97573
852 _aES-MaACL
_jA-8948
_bR.98306
999 _c133984
_d133984